000 00358cam a2200145ua 4500
003 OSt
008 210805b ||||| |||| 00| 0 eng d
082 _a378
_bASS/UN
100 _a, .
245 0 0 _aUniversities handbook /
260 _aNew Delhi :
_bAssociation of Indian Universities ,
_c1985.
300 _a1127 ; .
500 _a16178 Ref
942 _cBK
999 _c3096
_d3096